Entry Personal Name
Number of records used in: 1
001 - CONTROL NUMBER
003 - CONTROL NUMBER IDENTIFIER
005 - DATE AND TIME OF LATEST TRANSACTION
- control field:
20200226150450.0
008 - FIXED-LENGTH DATA ELEMENTS
- fixed length control field:
081128n| azannaabn |n aaa
010 ## - LIBRARY OF CONGRESS CONTROL NUMBER
- LC control number:
n 2008209427
040 ## - CATALOGING SOURCE
- Original cataloging agency:
DLC
- Language of cataloging:
eng
- Transcribing agency:
DLC
- Modifying agency:
DLC
- Description conventions:
rda
100 1# - HEADING--PERSONAL NAME
- Personal name:
Ismail, E.
375 ## - GENDER
377 ## - ASSOCIATED LANGUAGE
670 ## - SOURCE DATA FOUND
- Source citation:
Kurup, K. K. N. Emergence of Islam in Kerala in 20th century, 2008:
- Information found:
t.p. (Prof. E. Ismail; rtd. prof. of History and asso. res. fellow, Malabar Inst. for Res. and Development, Calicut)